Giáo trình cây lạc
Đã lưu trong:
| 主要作者: | |
|---|---|
| 格式: | 圖書 |
| 語言: | Undetermined |
| 出版: |
Hà Nội
Nông nghiệp
1979
|
| 主題: | |
| 標簽: |
添加標簽
沒有標簽, 成為第一個標記此記錄!
|
| Thư viện lưu trữ: | Trung tâm Học liệu Trường Đại học Cần Thơ |
|---|
| LEADER | 00483nam a2200169Ia 4500 | ||
|---|---|---|---|
| 001 | CTU_13092 | ||
| 008 | 210402s9999 xx 000 0 und d | ||
| 082 | |a 633.368 | ||
| 082 | |b D550 | ||
| 100 | |a Lê Song Dự | ||
| 245 | 0 | |a Giáo trình cây lạc | |
| 245 | 0 | |c Lê Song Dự, Nguyễn Thế Côn | |
| 260 | |a Hà Nội | ||
| 260 | |b Nông nghiệp | ||
| 260 | |c 1979 | ||
| 650 | |a groundnuts,peanuts | ||
| 980 | |a Trung tâm Học liệu Trường Đại học Cần Thơ | ||